PUBLIC TRANSIT PLANNING AND OPERATION MO (Record no. 32053)
[ view plain ]
| 000 -LEADER | |
|---|---|
| fixed length control field | 00368nam a2200145Ia 4500 |
| 008 - FIXED-LENGTH DATA ELEMENTS--GENERAL INFORMATION | |
| fixed length control field | 240624s9999 xx 000 0 und d |
| 041 ## - LANGUAGE CODE | |
| Language code of text/sound track or separate title | eng |
| 082 ## - DEWEY DECIMAL CLASSIFICATION NUMBER | |
| Classification number | 629.04 CED |
| 100 ## - MAIN ENTRY--PERSONAL NAME | |
| Personal name | CEDER AVISHAI |
| 245 ## - TITLE STATEMENT | |
| Title | PUBLIC TRANSIT PLANNING AND OPERATION MO |
| 250 ## - EDITION STATEMENT | |
| Edition statement | (2nd ed.) |
| 260 ## - PUBLICATION, DISTRIBUTION, ETC. | |
| Date of publication, distribution, etc. | 2019 |
| Place of publication, distribution, etc. | London |
| Name of publisher, distributor, etc. | CRC Press |
| 300 ## - PHYSICAL DESCRIPTION | |
| Extent | xxv, 716 p.; 23 cm. |
| 365 ## - TRADE PRICE | |
| Currency code | RS |
| Price amount | 31 |
| Withdrawn status | Lost status | Damaged status | Not for loan | Home library | Current library | Shelving location | Date acquired | Full call number | Barcode | Date last seen | Copy number | Price effective from | Koha item type |
|---|---|---|---|---|---|---|---|---|---|---|---|---|---|
| IMTN | IMTN | Rack 19-B | 03/03/2020 | 629.04 CED | 32053 | 06/24/2024 | 1 | 06/24/2024 | Books |